Communication Skills-II (Record no. 4933)
[ view plain ]
| 000 -LEADER | |
|---|---|
| fixed length control field | 00553nam a2200193Ia 4500 |
| 003 - CONTROL NUMBER IDENTIFIER | |
| control field | SGT |
| 020 ## - INTERNATIONAL STANDARD BOOK NUMBER | |
| International Standard Book Number | 9789380097077 |
| 082 ## - DEWEY DECIMAL CLASSIFICATION NUMBER | |
| Classification number | 420 |
| Item number | MIG |
| 100 ## - MAIN ENTRY--PERSONAL NAME | |
| Personal name | Dr. Seema Miglani |
| 245 ## - TITLE STATEMENT | |
| Title | Communication Skills-II |
| 250 ## - EDITION STATEMENT | |
| Edition statement | 1st . Ed. |
| 260 ## - PUBLICATION, DISTRIBUTION, ETC. (IMPRINT) | |
| Name of publisher, distributor, etc | Vayu Education of India |
| Place of publication, distribution, etc | New Delhi |
| Year of Publication | 2009 |
| 300 ## - PAGE DESCRIPTION | |
| No. of Pages | 230p. |
| 650 ## - SUBJECT ADDED ENTRY--TOPICAL TERM | |
| Topical term or geographic name as entry element | ENGLISH |
| 653 ## - KEYWORDS--INDEX TERM | |
| Keyword term | PROSE FROM TEXT BOOK , PRECIS WRITING GRAMMAR CHANGE OF WORDS INTO DIFFERENT PARTS OF SPEECH CORRESPONDENCE LETTER WRITING |
| 700 ## - ADDED ENTRY--PERSONAL NAME | |
| Personal name | Rohit Phutela |
| 700 ## - ADDED ENTRY--PERSONAL NAME | |
| Personal name | Shikha Goyal |
| 942 ## - ADDED ENTRY ELEMENTS (KOHA) | |
| Source of classification or shelving scheme | Dewey Decimal Classification |
| Koha item type | Books |
| 942 ## - ADDED ENTRY ELEMENTS (KOHA) | |
| -- | 1 |
| Withdrawn status | Lost status | Source of classification or shelving scheme | Damaged status | Not for loan | Home library | Current library | Date acquired | SGTU | Total Checkouts | Full call number | Accession No. (Barcode) | Date last seen | Date last borrowed | Bill Date | Koha item type |
|---|---|---|---|---|---|---|---|---|---|---|---|---|---|---|---|
| weeded-out | Dewey Decimal Classification | SGT Engineering Library | SGT Engineering Library | 28/04/2010 | SGTU | 2 | 420 MIG | FE1017 | 26/12/2017 | 21/12/2017 | 09/02/2015 | Books | |||
| Dewey Decimal Classification | SGT Engineering Library | SGT Engineering Library | 28/04/2010 | SGTU | 1 | 420 MIG | FE1018 | 16/05/2018 | 16/05/2018 | 09/02/2015 | Books | ||||
| Dewey Decimal Classification | SGT Engineering Library | SGT Engineering Library | 28/04/2010 | SGTU | 2 | 420 MIG | FE1019 | 01/06/2022 | 25/03/2022 | 09/02/2015 | Books |